Innovation of Automated Tinapa Maker (I ATM) / (Record no. 1750)

MARC details
000 -LEADER
fixed length control field 03017nam a22003377a 4500
003 - CONTROL NUMBER IDENTIFIER
control field OSt
005 - DATE AND TIME OF LATEST TRANSACTION
control field 20220621031137.0
008 - FIXED-LENGTH DATA ELEMENTS--GENERAL INFORMATION
fixed length control field 220621b ||||| |||| 00| 0 eng d
040 ## - CATALOGING SOURCE
Language of cataloging English.
Transcribing agency CvSU-CCAT Campus Library.
Description conventions rda.
050 ## - LIBRARY OF CONGRESS CALL NUMBER
Classification number UM TJ 170
Item number A37 2016
100 ## - MAIN ENTRY--PERSONAL NAME
Personal name Africa, Donna Jean T., author.
9 (RLIN) 5460
245 ## - TITLE STATEMENT
Title Innovation of Automated Tinapa Maker (I ATM) /
Statement of responsibility, etc. Donna Jean T. Africa and Ginalyn M. Filler.
260 ## - PUBLICATION, DISTRIBUTION, ETC.
Place of publication, distribution, etc. Rosario, Cavite :
Name of publisher, distributor, etc. Cavite State University-CCAT Campus,
Date of publication, distribution, etc. 2016
300 ## - PHYSICAL DESCRIPTION
Extent xii, 66 leaves :
Other physical details illustrations ;
Dimensions 28 cm
500 ## - GENERAL NOTE
General note Design Project (BSCpE)--Cavite State University-CCAT Campus, 2016.
504 ## - BIBLIOGRAPHY, ETC. NOTE
Bibliography, etc. note Includes bibliographical references and appendices.
520 ## - SUMMARY, ETC.
Thesis Abstract <a href="AFRICA, DONNA JEAN T. AND FILLER, GINA LYN M. Innovation of Automated Tinapa Maker (I ATM). Design Project. Bachelor of Science in Computer Engineering. Cavite State University-Rosario Campus, Rosario, Cavite. April 2016. Adviser: Engr. Reynaldo V. Villanueva Jr. Technical critic: John Michael A. Dharma.<br/><br/>The study was conducted from October 2015 to March 2016 in Cavite State University-Rosario Campus to develop an innovated automated tinapa maker (IATM). Specifically the study aimed to: 1) design the interface of the I ATM; 2) test and evaluate the performance of the machine; and 3) implement the machine to tinapa makers and vendors. <br/><br/>Observations and interviews were conducted to determine design requirements and to collect information on the processing of tinapa. Using microcontroller, the researchers programmed the machine to accomplish three operations — brining, dying and smoking. <br/><br/>Machine testing and evaluation was conducted at CvSU-Rosario Campus. The machine automated three integrated processes, namely: brining, drying, and smoking. In brining process, fish will be soaked in the brining solution for 5 minutes. The drying process takes 10 minutes to remove moisture from the fish while smoking takes 30 minutes to complete. Data on temperature and weight loss of products was measured. In terms of weight efficiency, Treatment 3 had the highest weight efficiency at 90 percent. Highest weight loss was observed in Treatment 1 at 0.35 kg loss after smoking. The temperature in the different sections of the machine during the operations shows that brining solution in T3 had the highest temperature recorded while T1; had the lowest. Temperature in the brining, drying and smoking sections were also highest during T3.">AFRICA, DONNA JEAN T. AND FILLER, GINA LYN M. Innovation of Automated Tinapa Maker (I ATM). Design Project. Bachelor of Science in Computer Engineering. Cavite State University-Rosario Campus, Rosario, Cavite. April 2016. Adviser: Engr. Reynaldo V. Villanueva Jr. Technical critic: John Michael A. Dharma.<br/><br/>The study was conducted from October 2015 to March 2016 in Cavite State University-Rosario Campus to develop an innovated automated tinapa maker (IATM). Specifically the study aimed to: 1) design the interface of the I ATM; 2) test and evaluate the performance of the machine; and 3) implement the machine to tinapa makers and vendors. <br/><br/>Observations and interviews were conducted to determine design requirements and to collect information on the processing of tinapa. Using microcontroller, the researchers programmed the machine to accomplish three operations — brining, dying and smoking. <br/><br/>Machine testing and evaluation was conducted at CvSU-Rosario Campus. The machine automated three integrated processes, namely: brining, drying, and smoking. In brining process, fish will be soaked in the brining solution for 5 minutes. The drying process takes 10 minutes to remove moisture from the fish while smoking takes 30 minutes to complete. Data on temperature and weight loss of products was measured. In terms of weight efficiency, Treatment 3 had the highest weight efficiency at 90 percent. Highest weight loss was observed in Treatment 1 at 0.35 kg loss after smoking. The temperature in the different sections of the machine during the operations shows that brining solution in T3 had the highest temperature recorded while T1; had the lowest. Temperature in the brining, drying and smoking sections were also highest during T3.</a>
650 ## - SUBJECT ADDED ENTRY--TOPICAL TERM
Topical term or geographic name entry element Automated tinapa machine.
9 (RLIN) 5461
650 ## - SUBJECT ADDED ENTRY--TOPICAL TERM
Topical term or geographic name entry element Machine design.
9 (RLIN) 2234
650 ## - SUBJECT ADDED ENTRY--TOPICAL TERM
Topical term or geographic name entry element Microcontroller.
9 (RLIN) 1845
650 ## - SUBJECT ADDED ENTRY--TOPICAL TERM
Topical term or geographic name entry element Programmable machine.
9 (RLIN) 5462
650 ## - SUBJECT ADDED ENTRY--TOPICAL TERM
Topical term or geographic name entry element Machine testing.
9 (RLIN) 5463
650 ## - SUBJECT ADDED ENTRY--TOPICAL TERM
Topical term or geographic name entry element Brining.
9 (RLIN) 5464
650 ## - SUBJECT ADDED ENTRY--TOPICAL TERM
Topical term or geographic name entry element Dying.
9 (RLIN) 5465
650 ## - SUBJECT ADDED ENTRY--TOPICAL TERM
Topical term or geographic name entry element Smoking.
9 (RLIN) 5466
700 ## - ADDED ENTRY--PERSONAL NAME
Personal name Filler, Ginalyn M., author.
9 (RLIN) 5467
700 ## - ADDED ENTRY--PERSONAL NAME
Personal name Villanueva, Reynaldo V., author.
9 (RLIN) 5468
700 ## - ADDED ENTRY--PERSONAL NAME
Personal name Dharma, John Michael A., critic.
9 (RLIN) 5216
942 ## - ADDED ENTRY ELEMENTS (KOHA)
Source of classification or shelving scheme Library of Congress Classification
Koha item type Thesis/Manuscripts/Dissertations
Classification part TJ 170
Item part A37 2016
Call number prefix UM
Holdings
Withdrawn status Lost status Source of classification or shelving scheme Damaged status Not for loan Collection code Home library Current library Shelving location Date acquired Total Checkouts Full call number Barcode Date last seen Copy number Price effective from Koha item type
    Library of Congress Classification     Thesis/Manuscript/Dissertation Cavite State University - CCAT Campus Cavite State University - CCAT Campus TH 06/21/2022   UM TJ 170 A37 2016 T0002911 10/24/2025 1 copy 06/21/2022 Thesis/Manuscripts/Dissertations